000 00740nam a2200241 a 4500
005 20260322212002.0
008 data
010 _a 83005340
020 _a0803634099 :
_c{dollar}19.95 (est.)
020 _a9780803634091 :
_c{dollar}19.95 (est.)
050 0 _aRT84.5
_b.F38 1984
060 _aWY 100 F278a
100 1 _aFawcett, Jacqueline.
245 1 0 _aAnalysis and evaluation of conceptual models of nursing /
_cJacqueline Fawcett.
260 0 _aPhiladelphia :
_bF.A. Davis,
_cc1984.
300 _aix, 307 p. ;
_c24 cm.
504 _aIncludes bibliographical references and index.
590 _aIncludes bibliographies and index.
650 0 _aNursing
_xPhilosophy.
650 2 _aNursing.
650 2 _aModels, Theoretical.
001 data
999 _c3
_d3